Countries with the Highest Alphabet Score - Statistics

General Stats
  • This quiz has been taken 59 times
  • The average score is 7 of 21
Answer Stats
Alphabet Score Country % Correct
16,6 Kyrgyzstan
67%
16,7 Turkey
62%
14,3 Togo
54%
14,5 Russia
49%
13,8 Turkmenistan
44%
16,2 Tuvalu
44%
14,3 Vanuatu
44%
14,6 Egypt
41%
14,4 Syria
36%
15,0 Peru
33%
14,2 Kuwait
31%
16,0 Norway
31%
16,2 Kosovo
28%
16,3 Uruguay
26%
17,0 Cyprus
21%
15,0 Nauru
21%
13,8 Portugal
18%
14,2 South Sudan
18%
14,0 Comoros
15%
14,7 Ivory Coast
13%
14,6 Mauritius
10%
No matching quizzes found
Score Distribution
Percent of People with Each Score
Percentile by Number Answered
Your Score History
You have not taken this quiz